000 01823nam a2200349 c 4500
003 BLK
005 20180420213241.0
008 180412b bul|||||r ||||||| ||bul||
010 _aKNG00001307000
020 _a954-07-0440-5
_bиздат.: Унив. изд. Св. Климент Охридски
040 _aBLK
041 _aBUL
_cBUL
080 _aГражданско съдопроизводство. Граждански процес. - Видове гражданско съдопроизводство:арбитражна, опростени процедури за по-дребни случаи, формалности при съдебна процедура, разследване, доказване
_b347.91/.95
_x
_z347.91/.95
080 _aОраторско изкуство. Красноречие. Дебати. Публични дискусии. Психология на слушателя
_b808.51
_x
_z808.51
100 1 _aКорнажев, Петър Захариев
_eпърви автор
_9242946
139 _aКорнажев, Петър Захариев
_bК 85
245 1 0 _aСъдебна реторика
_bИзследване
_cПетър Захариев Корнажев.
257 _aBGR
260 София
_bУнив. изд. Св. Климент Охридски
_c1994
300 _a56 с.
_c20 см
380 _a3
500 _a1 065 тир. - Библиогр. под линия
650 4 _aСъдебна практика
_9242947
650 4 _aОраторско изкуство - в съдебната практика
_9242948
653 _aреторика
653 _aораторско изкуство
852 _aЦб 177364
856 4 _qpdf
_u
856 4 _qpdf
_u
942 _cKNG
_n0
944 _aCR
_c15.01.2003
_kГеновева_Генчева
944 _aED
_c11.10.2007
_k
999 _c747
_d747